| 000 | 00576nam a22002057a 4500 | ||
|---|---|---|---|
| 999 |
_c168609 _d168609 |
||
| 005 | 20191016171757.0 | ||
| 010 | _aENG-126679 | ||
| 020 |
_a9789389347043 _c350.00 |
||
| 035 | _aEN-110211 | ||
| 037 | _bDBAD/PUB | ||
| 082 | _a370.71 | ||
| 100 | _aMohan, Radha | ||
| 245 |
_aTeacher education / _cby Radha Mohan |
||
| 250 | _a2nd ed. | ||
| 260 |
_aDelhi _bPHI Learning _c2019 |
||
| 270 |
_aRimjhim House,111, Patparganj Industrial Estate _bDelhi _e110092 |
||
| 300 |
_axv;298p. _c22cm(pbk) |
||
| 500 | _aIncludes index | ||
| 942 |
_2ddc _cEN _h370.71 _mMOH |
||